000 00297nam a22001217a 4500
008 180912b xxu||||| |||| 00| 0 eng d
041 _aeng
080 _a591
100 _a7
101 _aZOO
245 _aFundamental and Applied Aspects of Invertebrate Pathology
_cSamson, R.A
942 _2udc
_cBK
999 _c47707
_d47707